Statistics for Portuguese Religions Vocabulary

Click here to take the quiz!

General Stats

  • This quiz has been taken 50 times
  • The average score is 11 of 14

Answer Stats

HintAnswer% Correct
Hinduhindu
100%
Catholiccatólico
95%
Buddhistbudista
93%
Protestantprotestante
91%
Lutheranluterano
84%
Mormonmórmon
84%
paganpagão
82%
Taoisttaoísta
82%
Christiancristão
80%
Presbyterianpresbiteriano
73%
athiestateu
70%
Jewishjudeu
68%
Muslimmuçulmano
55%
Sikhsique
43%

Score Distribution

Percentile by Number Answered

Percent of People with Each Score

Your Score History

You have not taken this quiz